Normal view
MARC view
- Urooj, Tooba
Entry Personal Name
001 - CONTROL NUMBER
- control field: 130625
003 - CONTROL NUMBER IDENTIFIER
- control field: NUST
005 - DATE AND TIME OF LATEST TRANSACTION
- control field: 20250923121600.0
008 - FIXED-LENGTH DATA ELEMENTS
- fixed length control field: 250923|| aca||aabn | a|a d
040 ## - CATALOGING SOURCE
- Original cataloging agency: NUST
- Transcribing agency: NUST
100 ## - HEADING--PERSONAL NAME
- Personal name: Urooj, Tooba
670 ## - SOURCE DATA FOUND
- Source citation: Work cat.: (NUST): Urooj, Tooba, Structural Inequality and Survival: Understanding Spousal Violence among Marginalized House helps in Islamabad/
